Central Library and Information Centre
Sibsagar Girls' College, Sivasagar : Assam

UCHATTAR MADHYAMIK BYEHARIK RASAYAN (For H.S.) (Record no. 10977)

MARC details
000 -LEADER
fixed length control field 00612cam a2200217ua 4500
008 - FIXED-LENGTH DATA ELEMENTS--GENERAL INFORMATION
fixed length control field 160319n II |||gr||||Z||||||asm
040 ## - CATALOGING SOURCE
Original cataloging agency MAIN
041 ## - LANGUAGE CODE
-- English
082 ## - DEWEY DECIMAL CLASSIFICATION NUMBER
Classification number 540 CHO
100 ## - MAIN ENTRY--PERSONAL NAME
Personal name CHOUDHURY, DR. KAMALESH.
245 ## - TITLE STATEMENT
Title UCHATTAR MADHYAMIK BYEHARIK RASAYAN (For H.S.)
250 ## - EDITION STATEMENT
Edition statement 5TH.
260 ## - PUBLICATION, DISTRIBUTION, ETC.
Place of publication, distribution, etc. GUWAHATI
Name of publisher, distributor, etc. BINA LIBRARY
Date of publication, distribution, etc. 2009.
300 ## - PHYSICAL DESCRIPTION
Extent 115:
Dimensions 20CM.
500 ## - GENERAL NOTE
General note TRANSFERRED TO SANSKRITI JUNIOR COLLEGE,SGC
700 ## - ADDED ENTRY--PERSONAL NAME
Personal name CHOUDHURY, DR. KAMALESH.,
Relator term Author.
700 ## - ADDED ENTRY--PERSONAL NAME
Personal name CHOUDHURY, DR. SATYENDRA KR.
942 ## - ADDED ENTRY ELEMENTS (KOHA)
Koha item type Books
653 ## - INDEX TERM--UNCONTROLLED
Uncontrolled term Chemistry & allied sciences
Holdings
Withdrawn status Lost status Damaged status Not for loan Collection code Home library Current library Shelving location Date acquired Full call number Barcode Date last seen Copy number Price effective from Koha item type
Withdrawn       TBCHE Central Library and Information Centre Sibsagar Girls College Central Library and Information Centre Sibsagar Girls College Staff Office 18.03.1987 540 CHO 09457 27.02.2020 1 27.02.2020 Books


Sibsagar Girl's College © 2020. All rights reserved.
Powered by Koha.
Maintained by Abhijit Borpuzari.